=LDR 00000nam 2200000 4500 =001 INLIS000000000051391 =005 20200227023536 =035 ##$$a 0010-0917000195 =007 ta =008 200227################g##########0#ind## =020 ##$$a 978-602-317-129-3 =082 ##$$a 297.092 94 =084 ##$$a 297.092 94 NUR k =100 #$$a Nur Faizin Muhith =245 1#$$a Kitab nama bayi Islami terlengkap /$c Nur Faizin Muhith, M.A. =260 ##$$a Surakarta :$b Al-Qudwah Publishing,$c 2015 =300 ##$$a 327 hlm. ; $c 16x23 cm =500 ##$$a Biografi : hlm. 327 =650 #4$$a Nama-nama Islam =504 ##$$a Bibliografi : hlm. 326 =990 ##$$a 21703240 =990 ##$$a 21703239 =990 ##$$a 21703238 =990 ##$$a 21703237 =990 ##$$a 21703236 =990 ##$$a 21703238 =990 ##$$a 21703240 =990 ##$$a 21703239 =990 ##$$a 21703237 =990 ##$$a 21703236 =990 ##$$a 21703240 =990 ##$$a 21703239 =990 ##$$a 21703238 =990 ##$$a 21703237 =990 ##$$a 21703236 =990 ##$$a 21703236 =990 ##$$a 21703240 =990 ##$$a 21703239 =990 ##$$a 21703238 =990 ##$$a 21703237 =990 ##$$a 21703239 =990 ##$$a 21703240 =990 ##$$a 21703238 =990 ##$$a 21703237 =990 ##$$a 21703236 =990 ##$$a 21703237 =990 ##$$a 21703240 =990 ##$$a 21703239 =990 ##$$a 21703238 =990 ##$$a 21703236